| 000 | nam a22 a 4500 | ||
|---|---|---|---|
| 999 |
_c3520 _d3520 |
||
| 005 | 20170523103422.0 | ||
| 008 | 170523s2012 nju b 001 0 eng d | ||
| 020 |
_a 9780132888844 (hbk.) _c£17.99 |
||
| 020 |
_a013288884X (hbk.) : _c£17.99 |
||
| 040 | _aAKMAL | ||
| 082 | _a658.45 GAR | ||
| 090 |
_a658.45 _bGAR |
||
| 100 |
_a Garcia, Helio Fred _97034 |
||
| 245 |
_aThe power of communicaiton _bskills to build trust, inspire loyalty, and lead effectively _c Helio Fred Garcia. |
||
| 250 | _a 1st ed. | ||
| 260 |
_aUpper Saddle River, N.J. _bFT Press _c2012. |
||
| 300 |
_a xxxvi, 295 p. ; _c24 cm |
||
| 650 |
_aCommunication in management _92708 |
||
| 942 |
_2ddc _cBOOK |
||